Cities in the Pokémon Kanto Region on a Map - Statistics

General Stats
  • This quiz has been taken 2,374 times
  • The average score is 8 of 11
Answers on the Map
Answers color-coded by a green-red scale on the quiz's map according to % correct below.
 
Answer Stats
Answer % Correct
Pallet Town
88%
Indigo Plateau
84%
Cinnabar Island
83%
Pewter City
81%
Cerulean City
79%
Lavender Town
75%
Viridian City
73%
Fuchsia City
68%
Celadon City
63%
Saffron City
61%
Vermilion City
59%
No matching quizzes found
Score Distribution
Percent of People with Each Score
Percentile by Number Answered
Your Score History
You have not taken this quiz